[Event "2023 WA Open"]
[Site "Perth AUS"]
[Date "2023.06.11"]
[Round "4.15"]
[White "Huang,Hui"]
[Black "Wu,Kobe"]
[Result "1-0"]
[BlackElo "1523"]
[BlackFideId "3257355"]
[EventDate "2023.05.21"]
[PlyCount "0"]
[WhiteElo "1705"]
[WhiteFideId "3247597"]

1. d4 d5 2. Bf4 c5 3. c3 Qb6 4. Qc2 Nc6 5. dxc5 Qxc5 6. e3 e5 7. Bg3 Nf6 8. Nf3
Bd6 9. Be2 O-O 10. O-O Re8 11. Nbd2 h6 12. Nb3 Qb6 13. Rfd1 Be6 14. h3 Rad8 15.
Nbd2 Qc7 16. e4 d4 17. cxd4 Nxd4 18. Nxd4 exd4 19. Qxc7 Bxc7 20. Bxc7 Rc8 21.
Bg3 Rc2 22. e5 Nd7 23. b3 Bf5 24. Bb5 a6 25. Bxd7 Bxd7 26. Nf3 Rec8 27. Nxd4
R2c5 28. f4 g5 29. f5 Rd5 30. e6 fxe6 31. fxe6 Be8 32. Nf3 Rcd8 33. Rxd5 Rxd5
34. Rc1 Bc6 35. Ne5 Rd6 36. Nxc6 Rxc6 37. Rxc6 bxc6 38. e7 Kf7 39. Bd6 Ke8 40.
Kf2 h5 41. Ke3 g4 42. hxg4 hxg4 43. Kf4 g3 44. Kxg3 c5 45. Kf4 c4 46. bxc4 a5
47. c5 a4 48. c6 a3 49. c7 Kd7 50. e8=Q+ Kxe8 51. c8=Q+ Kf7 52. Qf5+ Kg7 53.
Be5+ Kg8 54. Qg6+ Kf8 55. Bd6#  1-0

[Event "2023 WA Open"]
[Site "Perth AUS"]
[Date "2023.06.18"]
[Round "5.1"]
[White "Teh,Rui Gen"]
[Black "Laubbacher,Jamie"]
[Result "0-1"]
[BlackElo "2057"]
[BlackFideId "3242757"]
[EventDate "2023.05.21"]
[PlyCount "0"]
[WhiteElo "2206"]
[WhiteFideId "5749476"]

1. e4 c5 2. Nc3 Nc6 3. f4 g6 4. Nf3 Bg7 5. a4 a6 6. Bc4 e6 7. d3 Nge7 8. Ba2 d5
9. e5 b5 10. O-O Qb6 11. Ne2 O-O 12. c3 Bd7 13. axb5 axb5 14. Be3 b4 15. Qc2
Rxa2 16. cxb4 Nxb4 17. Qxc5 Qxc5 18. Bxc5 Rxa1 19. Rxa1 Nbc6 20. b4 Re8 21. b5
Nb8 22. Nc3 Bf8 23. Ra8 Rc8 24. d4 Nf5 25. Kf2 Kg7 26. Na4 Bxb5 27. Nb6 Re8 28.
Ra7 Nc6 29. Rc7 Bxc5 30. dxc5 Re7 31. Rc8 Ra7 32. g4 Ra2+ 33. Kg1 Nfd4 34. Ng5
Nb4  0-1

[Event "2023 WA Open"]
[Site "Perth AUS"]
[Date "2023.06.18"]
[Round "5.2"]
[White "Gao,Oscar"]
[Black "Gong,Patrick"]
[Result "0-1"]
[BlackElo "2536"]
[BlackFideId "3222500"]
[EventDate "2023.05.21"]
[PlyCount "0"]
[WhiteElo "1916"]
[WhiteFideId "3235173"]

1. e4 g6 2. d4 d6 3. Nc3 Bg7 4. Be3 a6 5. a4 b6 6. Be2 Nd7 7. f4 Bb7 8. Bf3 c5
9. e5 Bxf3 10. Qxf3 cxd4 11. Bxd4 Nh6 12. O-O-O Nf5 13. Nge2 O-O 14. g4 dxe5
15. gxf5 exd4 16. Nxd4 Qc7 17. Nc6 Nf6 18. Rhe1 Rfe8 19. Rxe7 Qc8 20. Nd5 Qxc6
21. Rxe8+ Qxe8 22. Nc7 Qxa4 23. Qxa8+ Bf8 24. Kb1 Qxf4 25. Nd5 Nxd5 26. Qxd5
Qxh2 27. f6 Qc7 28. Qa8 h5 29. Rd8 Qc5 30. Qxa6 h4 31. Qd3 b5 32. Qd2 Qg1+ 33.
Ka2 Qa7+ 34. Kb1 Qg1+ 35. Ka2 Qb6 36. Kb1 Qxf6 37. Rb8 h3 38. Re8 Kg7 39. Re3
Bc5 40. Rg3 Bd6 41. Rg1 h2 42. Re1 Bf4 43. Qd5 g5 44. Qxb5 Qd6 45. Qa5 Qc6 46.
Qb4 h1=Q 47. Qd4+ Kg6 48. Qd3+ Kh6  0-1

[Event "2023 WA Open"]
[Site "Perth AUS"]
[Date "2023.06.18"]
[Round "5.3"]
[White "Hare,Tim"]
[Black "Hardegen,Kathryn"]
[Result "1/2-1/2"]
[BlackElo "1924"]
[BlackFideId "3226778"]
[EventDate "2023.05.21"]
[PlyCount "0"]
[WhiteElo "2275"]
[WhiteFideId "4300629"]

1. Nf3 d5 2. g3 c5 3. Bg2 Nf6 4. d3 Nc6 5. c3 e6 6. O-O Be7 7. Nbd2 O-O 8. Re1
b5 9. e4 a5 10. e5 Ne8 11. Nf1 b4 12. h4 a4 13. cxb4 cxb4 14. Bf4 Nc7 15. Rc1
Bd7 16. d4 Nb5 17. N1h2 Qb6 18. Be3 a3 19. b3 f5 20. exf6 Bxf6 21. Ne5 Bxe5 22.
dxe5 d4 23. Bf4 Nc3 24. Qd2 Ra7 25. h5 h6 26. Ng4 Be8 27. Bxh6 Bxh5 28. Nf6+
gxf6 29. exf6 Rxf6 30. Qg5+ Rg6 31. Qxh5 Ne7 32. Be4 Ra5 33. Qh3 Nf5 34. Bd2
Qd6 35. Kg2 Rg7 36. Bf3 Rh7 37. Qg4+ Rg7 38. Qh3 Rh7 39. Qg4+ Rg7  1/2-1/2

[Event "2023 WA Open"]
[Site "Perth AUS"]
[Date "2023.06.18"]
[Round "5.4"]
[White "Spirin, Viktor"]
[Black "Andador,Dominador"]
[Result "1-0"]
[BlackElo "1819"]
[BlackFideId "3239080"]
[EventDate "2023.05.21"]
[PlyCount "0"]
[WhiteElo "2153"]
[WhiteFideId "54131170"]

1. e4 c6 2. d4 d5 3. exd5 Qxd5 4. c4 Qd6 5. Nf3 Bg4 6. Be2 Nf6 7. O-O e6 8. Qb3
Qc7 9. Bf4 Qb6 10. Qe3 Nbd7 11. Nc3 Be7 12. a3 O-O 13. b4 Rfe8 14. h3 Bh5 15.
Rfd1 Bf8 16. g4 Bg6 17. Ra2 a6 18. Na4 Qa7 19. Qb3 b5 20. Nc5 Nb6 21. Ne5 Rac8
22. Bf3 bxc4 23. Nxc4 Nfd5 24. Bg3 Bxc5 25. dxc5 Nxc4 26. Qxc4 Re7 27. h4 f6
28. Re2 Bf7 29. g5 e5 30. gxf6 Nxf6 31. Qc3 e4 32. Bg2 Bd5 33. Bd6 Ree8 34. Bh3
Ra8 35. Re3 Qf7 36. Kh2 Nh5 37. Rg1 Qxf2+ 38. Rg2 Qf6 39. Qe1 Ra7 40. Rf2 Qh6
41. Qf1 Nf6 42. Rf4 Rf7 43. Qf2 Qh5 44. Rg3 Kh8 45. Re3 Qd1 46. Qg2 Qh5 47. Qg3
Qh6 48. Qg5 Qxg5 49. hxg5 Nh5 50. Rxf7 Bxf7 51. Bd7 Rd8 52. Bxc6 Bg6 53. Bxe4
Be8 54. Kh3 g6 55. Bd5 Bd7+ 56. Kg2 Re8 57. Rxe8+ Bxe8 58. Be5+  1-0

[Event "2023 WA Open"]
[Site "Perth AUS"]
[Date "2023.06.18"]
[Round "5.5"]
[White "King,David"]
[Black "Clarke,Daniel"]
[Result "1-0"]
[BlackElo "1902"]
[BlackFideId "3247570"]
[EventDate "2023.05.21"]
[PlyCount "0"]
[WhiteElo "2058"]
[WhiteFideId "3246680"]

1. e4 e5 2. Nf3 Nc6 3. Nc3 Nf6 4. a3 h6 5. d4 exd4 6. Nxd4 Bc5 7. Be3 Bb6 8. Bc4
O-O 9. f3 d6 10. Qd2 Nxd4 11. Bxd4 Bxd4 12. Qxd4 Qe7 13. O-O-O Be6 14. g4 Bxc4
15. Qxc4 Rfc8 16. h4 Nd7 17. Kb1 Qe6 18. Qe2 Qe5 19. g5 hxg5 20. hxg5 g6 21.
Qg2 Kg7 22. Qh3 f5 23. Qh7+ Kf8 24. Qxd7  1-0

[Event "2023 WA Open"]
[Site "Perth AUS"]
[Date "2023.06.18"]
[Round "5.6"]
[White "Kerr,Lennon"]
[Black "Saxon,Marc"]
[Result "0-1"]
[BlackElo "2053"]
[BlackFideId "3250628"]
[EventDate "2023.05.21"]
[PlyCount "0"]
[WhiteElo "1576"]
[WhiteFideId "3261735"]

1. e4 e5 2. Nf3 d6 3. d4 exd4 4. Nxd4 Nf6 5. Nc3 Be7 6. Be2 O-O 7. Be3 Re8 8.
O-O Bf8 9. Bf3 Nbd7 10. Re1 Ne5 11. Bg5 h6 12. Bh4 Be7 13. Be2 Bd7 14. Qd2 Nxe4
15. Bxe7 Nxd2 16. Bxd8 Raxd8 17. Nd5 c6 18. Ne3 Ne4 19. Rad1 d5 20. c4 c5 21.
Nb5 d4 22. Nd5 Bxb5 23. Nc7 Bxc4 24. Bxc4 Nxc4 25. Nxe8 Rxe8 26. b4 Nb2 27. Rd2
Nxd2 28. Rxe8+ Kh7 29. Re2 Ndc4  0-1

[Event "2023 WA Open"]
[Site "Perth AUS"]
[Date "2023.06.18"]
[Round "5.7"]
[White "Deng,Eric"]
[Black "Gough,Dylan"]
[Result "0-1"]
[BlackElo "1762"]
[BlackFideId "3243176"]
[EventDate "2023.05.21"]
[PlyCount "0"]
[WhiteElo "1588"]
[WhiteFideId "3254356"]

1. e4 Nc6 2. d4 d5 3. e5 Bf5 4. c3 e6 5. h4 h6 6. Bd3 { [%csl Gf3]}  6... Bxd3
7. Qxd3 Qd7 8. Nf3 O-O-O 9. b4 f6 10. Bf4 fxe5 11. dxe5 Nge7 12. a4 Qe8 13. h5
d4 14. Nxd4 Nxd4 15. cxd4 Nc6 { [%csl Gf4]}  16. Be3 Bxb4+ 17. Ke2 Nxe5 18. Qb3
Nc6 19. Rh4 Rd5 20. f3 Qd8 21. Re4 Re8 22. g4 Nxd4+ 23. Bxd4 Rxd4 24. Rxe6 Qd7
25. Rxe8+ Qxe8+ 26. Qe3 Qxe3+ 27. Kxe3 Rd1 28. Ke2 Re1+ 29. Kd3 Bc5 30. Kc2 Rf1
31. Ra2 Rxf3 32. Nc3 Rf2+ 33. Kb3 Rxa2 34. Kxa2 c6 35. Kb3 Kd7 36. Kc4 Bb6 37.
Ne4 Ke6 38. g5 hxg5 39. Nxg5+ Kf5 40. Nf7 Bc7 41. h6 gxh6 42. Nxh6+ Ke4 43. Ng4
Bd6  0-1

[Event "2023 WA Open"]
[Site "Perth AUS"]
[Date "2023.06.18"]
[Round "5.8"]
[White "Huang,Hui"]
[Black "Shah Mansouri,Kevin"]
[Result "0-1"]
[BlackElo "1947"]
[BlackFideId "3266877"]
[EventDate "2023.05.21"]
[PlyCount "0"]
[WhiteElo "1705"]
[WhiteFideId "3247597"]

1. d4 d5 2. Bf4 Bf5 3. c4 e6 4. Nc3 Nf6 5. Qb3 Nc6 6. e3 Bb4 7. a3 Bxc3+ 8. Qxc3
Ne4 9. Qb3 Rb8 10. cxd5 Qxd5 11. Qxd5 exd5 12. Bxc7 Rc8 13. Bg3 O-O 14. Nf3 Na5
15. Nh4 Nxg3 16. hxg3 Bc2 17. b4 Nb3 18. Ra2 a5 19. bxa5 Bb1 20. Rb2 Rc1+ 21.
Ke2 Nxa5 22. Kd2 Rfc8 23. Nf3 Nb3+ 24. Rxb3 R8c2+ 25. Kd3 Rb2#  0-1

[Event "2023 WA Open"]
[Site "Perth AUS"]
[Date "2023.06.18"]
[Round "5.9"]
[White "Barry,David"]
[Black "Taylor,Noah"]
[Result "1-0"]
[BlackElo "1815"]
[BlackFideId "3250121"]
[EventDate "2023.05.21"]
[PlyCount "0"]
[WhiteElo "1919"]
[WhiteFideId "3234487"]

1. e4 e5 2. Nf3 Nc6 3. Bb5 a6 4. Ba4 Nf6 5. O-O b5 6. Bb3 d6 7. Re1 Bg4 8. d3
Nd4 9. Nbd2 c5 10. c3 Nc6 11. Nf1 Be7 12. h3 Bh5 13. Ng3 Bg6 14. Nh4 Na5 15.
Bc2 O-O 16. Nxg6 fxg6 17. Be3 Nc6 18. Bb3+ Kh8 19. d4 c4 20. Bc2 a5 21. dxe5
dxe5 22. Qxd8 Rfxd8 23. Rad1 b4 24. Rxd8+ Rxd8 25. Ba4 Rd6 26. Bb5 bxc3 27.
bxc3 h5 28. f3 Nd8 29. Bc5 Re6 30. Bxe7 Rxe7 31. Rd1 Nb7 32. Bxc4 Rc7 33. Ba6
Nc5 34. Bb5 Rb7 35. c4 Rc7 36. Ne2 Ne6 37. Rd6 Nc5 38. Nc3 Kg8 39. Nd5 Nxd5 40.
Rxd5 Nb7 41. Rxe5 Nd6 42. a4 Nxc4 43. Bxc4+ Rxc4 44. Rxa5 h4 45. Rg5 Rxa4 46.
Rxg6 Ra5 47. Rg4 Rh5 48. Kf2 Kf7 49. Ke3 g5 50. f4 gxf4+ 51. Kxf4 Rh6 52. Kg5 
1-0

[Event "2023 WA Open"]
[Site "Perth AUS"]
[Date "2023.06.18"]
[Round "5.10"]
[White "Hernandez Mendez,Iker"]
[Black "Sheridan,Wallace"]
[Result "1-0"]
[BlackElo "1691"]
[BlackFideId "3206769"]
[EventDate "2023.05.21"]
[PlyCount "0"]
[WhiteElo "2158"]
[WhiteFideId "3243214"]

1. e4 d6 2. d4 Nf6 3. Nc3 e5 4. Nf3 Nbd7 5. Bc4 Be7 6. O-O O-O 7. h3 c6 8. a4 h6
9. Be3 Re8 10. Qb1 exd4 11. Nxd4 Bf8 12. Qa2 Ne5 13. Bb3 Qc7 14. Rae1 Ng6 15.
Bc1 Nh5 16. Re3 Ngf4 17. Rf3 Ne6 18. Nf5 Nf6 19. Nxh6+ gxh6 20. Rxf6 Bg7 21.
Rf3 Nd8 22. Rd1 Be6 23. Bf4 Bxb3 24. Qxb3 Be5 25. Bxh6 Ne6 26. Ne2 Nc5 27. Qe3
Nxe4 28. Ng3 d5 29. Nxe4 f6 30. Ng3 Bxb2 31. Qb3 Be5 32. Nh5 Kh7 33. Bg7 Re6
34. Qd3+ Kg8 35. Qg6  1-0

[Event "2023 WA Open"]
[Site "Perth AUS"]
[Date "2023.06.18"]
[Round "5.11"]
[White "Gulley,Trent"]
[Black "Gunawan,Marco"]
[Result "1-0"]
[BlackElo "1676"]
[BlackFideId "3239101"]
[EventDate "2023.05.21"]
[PlyCount "0"]
[WhiteElo "1924"]
[WhiteFideId "3241670"]

1. e4 d5 2. exd5 Nf6 3. d4 Bg4 4. Bb5+ Nbd7 5. Be2 Bxe2 6. Qxe2 Nxd5 7. c4 N5f6
8. Nf3 e6 9. O-O Be7 10. Nc3 O-O 11. Bf4 c5 12. Rad1 cxd4 13. Nxd4 Bc5 14. Ndb5
Qe7 15. Na4 e5 16. Nxc5 Nxc5 17. Qxe5 Qxe5 18. Bxe5 Ncd7 19. Bxf6 Nxf6 20. Rd4
a6 21. Nc3 Rfe8 22. Rfd1 Re7 23. Nd5 Nxd5 24. Rxd5 Rae8 25. Kf1 Re2 26. Rd8 Kf8
27. Rxe8+ Rxe8 28. Rd7 Rc8 29. b3 b5 30. cxb5 axb5 31. Ke2 Ke8 32. Rd2 Rc3 33.
Kd1 Ke7 34. Rc2 Rd3+ 35. Kc1 Rd5 36. Kb2 b4 37. a3 bxa3+ 38. Kxa3 Rd1 39. g3 h5
40. b4 Kd6 41. b5 Ra1+ 42. Kb4 Rb1+ 43. Ka5 Ra1+ 44. Kb6 g6 45. Kb7 Rb1 46. b6
Kd7 47. Rc7+ Ke8 48. Ka7 Ra1+ 49. Kb8 Rb1 50. b7 Rd1 51. Rc6 Kd8 52. Ka7 Rd7
53. Rc8+ Ke7 54. Ka8  1-0

[Event "2023 WA Open"]
[Site "Perth AUS"]
[Date "2023.06.18"]
[Round "5.12"]
[White "Ong,Celine"]
[Black "Kerr,Carter"]
[Result "1-0"]
[BlackElo "1485"]
[BlackFideId "3261859"]
[EventDate "2023.05.21"]
[PlyCount "0"]
[WhiteElo "1610"]
[WhiteFideId "3238717"]

1. e4 e5 2. Nf3 Nc6 3. Nc3 Nf6 4. d4 exd4 5. Nxd4 Bb4 6. Nxc6 bxc6 7. Bd3 O-O 8.
O-O d6 9. Bg5 h6 10. Bh4 Qe7 11. Qf3 g5 12. Bg3 Bc5 13. e5 dxe5 14. Qxc6 Rb8
15. Ne4 Nxe4 16. Qxe4 f5 17. Qxe5 f4 18. Bc4+ Rf7 19. Bxf7+ Kxf7 20. Bxf4 gxf4
21. Qxf4+ Kg7 22. Qg3+ Kh7 23. Rae1 Qf7 24. Qd3+ Bf5 25. Qf3 Bd6 26. b3 Qg6 27.
Qd5 c6 28. Qd4 Rg8 29. g3 Bh3 30. Qe4 Qxe4 31. Rxe4 Bxf1 32. Kxf1 Kg7 33. Ra4
Ra8 34. Ra6 Rf8 35. Rxc6 Rf6 36. c4 Be5 37. Rxf6 Kxf6 38. Ke2 Bd4 39. f4 Kf5
40. Kf3 Ke6 41. g4 Bf6 42. Ke4 Kd6 43. Kf5 Be7 44. Kg6 Bf8 45. g5 hxg5 46. fxg5
Kd7 47. Kf7  1-0

[Event "2023 WA Open"]
[Site "Perth AUS"]
[Date "2023.06.18"]
[Round "5.13"]
[White "Gunawan,Tjermin"]
[Black "Ashok,Akash"]
[Result "1-0"]
[BlackElo "847"]
[BlackFideId "3261417"]
[EventDate "2023.05.21"]
[PlyCount "0"]
[WhiteElo "1910"]
[WhiteFideId "3239110"]

1. d4 Nf6 2. Nf3 g6 3. g3 Bg7 4. Bg2 O-O 5. O-O d6 6. c4 Nbd7 7. Nc3 b6 8. a4 a5
9. Re1 Re8 10. Ne5 dxe5 11. Bxa8 exd4 12. Qxd4 Nh5 13. Qd1 Nc5 14. Qxd8 Rxd8
15. Nd5 Ba6 16. Nxc7 Bxc4 17. Bf3 Nf6 18. Be3 Rc8 19. Bxc5 bxc5 20. Nb5 Bd5 21.
e4 Ba8 22. Rad1 Rb8 23. Rc1 Rc8 24. b3 Bh6 25. Rc4 Bd2 26. Rd1 Bb4 27. Kg2 e5
28. h4 h5 29. Kh3 Ne8 30. g4 Nf6 31. gxh5 Nxh5 32. Bxh5 gxh5 33. Rg1+ Kh7 34.
Rg5 f6 35. Rxh5+ Kg6 36. Rf5 Bxe4 37. Rxf6+ ( 37. Rxe4 Kxf5 38. Nd6+ Ke6 39.
Nxc8 )37... Kxf6 38. Rxe4 Rd8 39. Kg4 Rg8+ 40. Kf3 Rd8 41. Nc7 Rd7 42. Na6 Rd3+
43. Re3 Rd4 44. Kg3 Bd2 45. Rf3+ Bf4+ 46. Kg2 Rd5 47. Rc3 Bd2 48. Rxc5 Rxc5 49.
Nxc5 Bf4 50. Kf3 Kf5 51. Nb7 Bd2 52. Nd6+ Ke6 53. Nc4 Bb4 54. Ke4 Bc3 55. h5
Kf7 56. Nxe5+  1-0

[Event "2023 WA Open"]
[Site "Perth AUS"]
[Date "2023.06.18"]
[Round "5.15"]
[White "Wu,Kobe"]
[Black "Peiris,Sasanka Lahiru"]
[Result "1-0"]
[BlackElo "1430"]
[BlackFideId "9923667"]
[EventDate "2023.05.21"]
[PlyCount "0"]
[WhiteElo "1523"]
[WhiteFideId "3257355"]

1. e4 c6 2. Nc3 d5 3. Nf3 dxe4 4. Nxe4 Bg4 5. h3 Bh5 6. Qe2 e6 7. d4 Bxf3 8.
Qxf3 Qxd4 9. c3 Qd8 10. Bd2 Be7 11. O-O-O Qa5 12. Kb1 Nf6 13. Nxf6+ Bxf6 14.
Be3 Nd7 15. g4 O-O-O 16. Bg2 Qb5 17. Bxa7 Ne5 18. Qf4 Qe2 19. Rde1 Qd3+ 20. Ka1
Qc2 21. Rc1 Qa4  1-0

[Event "2023 WA Open"]
[Site "Perth AUS"]
[Date "2023.06.25"]
[Round "6.1"]
[White "Laubbacher,Jamie"]
[Black "Spirin, Viktor"]
[Result "1/2-1/2"]
[BlackElo "2153"]
[BlackFideId "54131170"]
[EventDate "2023.05.21"]
[PlyCount "0"]
[WhiteElo "2057"]
[WhiteFideId "3242757"]

1. e4 e5 2. Nf3 Nf6 3. Nxe5 d6 4. Nf3 Nxe4 5. Nc3 Nxc3 6. dxc3 Be7 7. Be3 O-O 8.
Qd2 Nd7 9. Be2 b6 10. O-O Bb7 11. a4 a5 12. Nd4 Nc5 13. Bf3 Ne4 14. Qd3 d5 15.
Nf5 Bf6 16. Rfd1 Qc8 17. Bg4 Qe8 18. Re1 Qc6 19. Nd4 Bxd4 20. Bxd4 f5 21. Bh5
Qh6 22. Be2 Ba6 23. Qd1 Bxe2 24. Rxe2 Rae8 25. f3 Nd6 26. Bf2 Rxe2 27. Qxe2 Re8
28. Qd3 Qe6 29. Re1 Qf7 30. Rxe8+ Nxe8 31. Qe2 Nd6 32. b3 h6 33. Qe5 f4 34.
Bxb6 cxb6 35. Qxd6 Qf5 36. Qxb6 Qxc2 37. Qb8+ Kh7 38. Qxf4 Qxc3 39. Qf5+ Kh8
40. Qf8+ Kh7 41. Qf5+  1/2-1/2

[Event "2023 WA Open"]
[Site "Perth AUS"]
[Date "2023.06.25"]
[Round "6.2"]
[White "Gong,Patrick"]
[Black "King,David"]
[Result "1-0"]
[BlackElo "2058"]
[BlackFideId "3246680"]
[EventDate "2023.05.21"]
[PlyCount "0"]
[WhiteElo "2536"]
[WhiteFideId "3222500"]

1. g3 d5 2. Bg2 Nf6 3. Nf3 c6 4. O-O Bf5 5. d3 h6 6. c4 e6 7. Qb3 Qb6 8. Be3
Qxb3 9. axb3 a6 10. Nc3 Nbd7 11. cxd5 exd5 12. Nd4 Bh7 13. Nc2 Be7 14. b4 O-O
15. h3 Rfe8 16. Bd4 Bd6 17. Rfe1 Nf8 18. e4 dxe4 19. dxe4 N6d7 20. Rad1 Bc7 21.
f4 Nb6 22. Bf2 Rad8 23. Nd4 f6 24. Nb3 Nc4 25. Nc5 Rxd1 26. Nxd1 Rb8 27. b3 Nb6
28. Nc3 Nbd7 29. N3a4 Nxc5 30. Nxc5 Bb6 31. Rd1 Kh8 32. Rd3 a5 33. bxa5 Bxa5
34. f5 Bg8 35. g4 Bc7 36. Bf1 Be5 37. Kg2 b5 38. Be2 Ra8 39. Bd1 Bc7 40. Bg3
Bb6 41. Nb7 Ra7 42. Nd8 Bxd8 43. Rxd8 Rd7 44. Rxf8 Rxd1 45. e5 fxe5 46. Bxe5
Rd2+ 47. Kg1 Kh7 48. b4 Rd7 49. h4 Re7 50. Bg3 Bd5 51. g5 hxg5 52. hxg5 g6 53.
f6 Ra7 54. Be5 Rf7 55. Rc8 Be4 56. Kf2 Bd5 57. Ke3 Bg2 58. Kf4 Bd5 59. Bd4 Bg2
60. Ke5 Bd5 61. Kd6 Bf3 62. Rd8 Bd5 63. Be5 Be4 64. Ke6 Ra7 65. f7 Bd5+ 66.
Rxd5  1-0

[Event "2023 WA Open"]
[Site "Perth AUS"]
[Date "2023.06.25"]
[Round "6.3"]
[White "Saxon,Marc"]
[Black "Teh,Rui Gen"]
[Result "0-1"]
[BlackElo "2206"]
[BlackFideId "5749476"]
[EventDate "2023.05.21"]
[PlyCount "0"]
[WhiteElo "2053"]
[WhiteFideId "3250628"]

1. e4 c5 2. Nf3 g6 3. c3 d5 4. exd5 Qxd5 5. d4 Bg7 6. Na3 cxd4 7. Bc4 Qe4+ 8.
Be3 Nh6 9. cxd4 O-O 10. O-O Nf5 11. Re1 Nxe3 12. Rxe3 Qf4 13. Ne5 Nc6 14. Rf3
Qxd4 15. Qxd4 Nxd4 16. Rxf7 Rxf7 17. Nxf7 Be6 18. Ng5 Bxc4 19. Nxc4 Rc8 20. Ne3
Nf5 21. Nd5 Bxb2 22. Rb1 Rc5 23. Nf4 Rc1+ 24. Rxc1 Bxc1 25. Nge6 Bxf4 26. Nxf4
Kf7 27. Kf1 Kf6 28. Nd3 b6 29. Ke2 Ke6 30. Kf3 Kd5 31. Kf4 Nd6 32. h4 a5 33. h5
Kd4 34. hxg6 hxg6 35. Ne1 Nf7 36. Nf3+ Kd5 37. Ke3 b5 38. Nh4 g5 39. Ng6 e6 40.
f4 gxf4+ 41. Nxf4+ Kd6 42. g4 Ng5 43. Nd3 e5 44. Ne1 Kd5 45. Kd3 Ne6 46. Ng2
Nf4+ 47. Nxf4+ exf4 48. g5 b4 49. g6 Ke6 50. Ke4 a4 51. Kxf4 b3 52. axb3 axb3
53. Kg5 b2 54. Kh6 b1=Q 55. Kh7 Kf6 56. Kh8 Kxg6 57. Kg8 Qb8#  0-1

[Event "2023 WA Open"]
[Site "Perth AUS"]
[Date "2023.06.25"]
[Round "6.4"]
[White "Gough,Dylan"]
[Black "Hare,Tim"]
[Result "1/2-1/2"]
[BlackElo "2275"]
[BlackFideId "4300629"]
[EventDate "2023.05.21"]
[PlyCount "0"]
[WhiteElo "1762"]
[WhiteFideId "3243176"]

1. d4 c5 2. e3 e6 3. Nf3 Nf6 4. b3 b6 5. Bb2 Bb7 6. Nbd2 d5 7. Be2 Be7 8. O-O
O-O 9. Ne5 Nbd7 10. f4 Rc8 11. Rc1 Ne4 12. Nxd7 Qxd7 13. Nxe4 dxe4 14. c4 Rfd8
15. Qe1 Bf6 16. Rd1 Qe8 17. Qf2 g6 18. g4 Qf8 19. f5 exf5 20. gxf5 g5 21. Bg4
Qg7 22. Rd2 cxd4 23. Bxd4 Bxd4 24. Rxd4 Qf6 25. Rfd1 Rxd4 26. Rxd4 Rd8 27. Qd2
Rxd4 28. Qxd4 Kg7 29. Qd7 Bc6 30. Qxa7 Qa1+ 31. Kf2 Qh1 32. Qc7 Be8 33. Qe5+ f6
34. Qc7+ Kg8 35. Qb8 Kg7 36. Qxe8 Qxh2+ 37. Ke1 Qg3+ 38. Kd2 Qxg4 39. Qe7+ Kg8
40. Qxf6 Qg2+ 41. Kc3 Qxa2 42. Qxg5+ Kf7 43. Qh5+ Kf6 44. Qh6+ Kxf5 45. Qf4+
Ke6 46. Qxe4+ Kd6 47. Qd5+ Kc7 48. e4 Qa1+ 49. Kb4 Qa5+ 50. Qxa5 bxa5+ 51. Kc3
h5 52. Kd4 h4 53. Ke3 Kd6 54. Kf3 Ke5 55. Kg4  1/2-1/2

[Event "2023 WA Open"]
[Site "Perth AUS"]
[Date "2023.06.25"]
[Round "6.5"]
[White "Hardegen,Kathryn"]
[Black "Gao,Oscar"]
[Result "0-1"]
[BlackElo "1916"]
[BlackFideId "3235173"]
[EventDate "2023.05.21"]
[PlyCount "0"]
[WhiteElo "1924"]
[WhiteFideId "3226778"]

1. e4 e5 2. Nf3 Nc6 3. Bb5 a6 4. Ba4 Nf6 5. O-O b5 6. Bb3 Bc5 7. c3 O-O 8. d4
Bb6 9. a4 Bb7 10. d5 Na5 11. Bc2 d6 12. Bg5 h6 13. Bh4 Kh8 14. Nbd2 Rg8 15. b4
Nc4 16. Nxc4 bxc4 17. Nd2 g5 18. Bg3 h5 19. h4 Ng4 20. Nxc4 gxh4 21. Bh2 h3 22.
g3 Ba7 23. Ne3 Bxe3 24. fxe3 Qg5 25. Rf3 Bc8 26. Qe1 h4 27. Bd3 Qh5 28. Be2
Nxh2 29. Kxh2 Bg4 30. Rf5 Qg6 31. Bxg4 Qxg4 32. Ra2 hxg3+ 33. Kg1 h2+ 34. Kg2
Qxe4+ 35. Rf3 Rg7 36. Rd2 Rh7 37. Qh1 Qg4 38. Kf1 g2+  0-1

[Event "2023 WA Open"]
[Site "Perth AUS"]
[Date "2023.06.25"]
[Round "6.7"]
[White "Andador,Dominador"]
[Black "Barry,David"]
[Result "1-0"]
[BlackElo "1919"]
[BlackFideId "3234487"]
[EventDate "2023.05.21"]
[PlyCount "0"]
[WhiteElo "1819"]
[WhiteFideId "3239080"]

1. d4 Nf6 2. Bf4 c5 3. e3 e6 4. Nf3 Nc6 5. c3 d5 6. Nbd2 cxd4 7. exd4 Be7 8. Bd3
O-O 9. Qc2 Re8 10. Ne5 g6 11. Ndf3 Nd7 12. h4 Ncxe5 13. dxe5 Nc5 14. O-O-O
Nxd3+ 15. Rxd3 h5 16. Ng5 Bd7 17. Rg3 Bxg5 18. Bxg5 Qa5 19. Bf6 Kh7 20. Rg5 Kh6
21. Qd2 Kh7 22. Rxh5+ gxh5 23. Qg5 Rg8 24. Qxh5#  1-0

[Event "2023 WA Open"]
[Site "Perth AUS"]
[Date "2023.06.25"]
[Round "6.8"]
[White "Clarke,Daniel"]
[Black "Hernandez Mendez,Iker"]
[Result "1/2-1/2"]
[BlackElo "2158"]
[BlackFideId "3243214"]
[EventDate "2023.05.21"]
[PlyCount "0"]
[WhiteElo "1902"]
[WhiteFideId "3247570"]

1. e4 c5 2. Nf3 d6 3. d4 cxd4 4. Nxd4 Nf6 5. Nc3 g6 6. Be3 Bg7 7. f3 O-O 8. Qd2
Nc6 9. Bc4 Nxd4 10. Bxd4 Be6 11. Bxe6 fxe6 12. e5 dxe5 13. Bxe5 Qb6 14. Bd4
Qxb2 15. Rb1 Qa3 16. Qe2 Qd6 17. Nb5 Qd5 18. c4 Qf5 19. O-O Rfd8 20. g4 Qg5 21.
Qxe6+ Kh8 22. h4 Qxh4 23. Kg2 Nh5 24. Bxg7+ Nxg7 25. Qe3 a6 26. Nc7 Rac8 27.
Rxb7 Rd7 28. Rh1 Qf6 29. Nd5 Rxb7 30. Nxf6 exf6 31. c5 Rb2+ 32. Kg3 Rxa2 33.
Qh6 Kg8 34. Qxh7+ Kf7 35. Rd1 Rc7 36. c6 Rc2 37. Rd7+ Rxd7 38. cxd7 Rd2 39. Qh8
Rxd7 40. Qc8 Ra7 41. Qc4+ Ne6 42. f4 Rc7 43. Qa2 Rc3+ 44. Kf2 Ke7 45. Qxa6 Rc2+
46. Ke3 Rc3+ 47. Kd2 Rc5 48. Qa7+ Rc7 49. Qa3+ Kf7 50. Qd6 Re7 51. Qd5 Kg7 52.
Qd6 Kf7 53. Qd5 Ke8 54. Qa8+ Kf7 55. Qd5 Ke8 56. Qa8+ Kf7 57. Qd5  1/2-1/2

[Event "2023 WA Open"]
[Site "Perth AUS"]
[Date "2023.06.25"]
[Round "6.9"]
[White "Deng,Eric"]
[Black "Ong,Celine"]
[Result "1/2-1/2"]
[BlackElo "1610"]
[BlackFideId "3238717"]
[EventDate "2023.05.21"]
[PlyCount "0"]
[WhiteElo "1588"]
[WhiteFideId "3254356"]

1. e4 e5 2. Nf3 Nc6 3. d4 exd4 4. Nxd4 Qh4 5. Nc3 Bb4 6. Qd3 Nf6 7. Bd2 Bxc3 8.
Bxc3 Nxe4 9. g3 Qe7 10. Nf5 Nc5+ 11. Nxe7 Nxd3+ 12. Bxd3 Nxe7 13. Bxg7 Rg8 14.
Bc3 f5 15. O-O-O d5 16. Rhe1 Kf7 17. Re5 c6 18. Bb4 Ng6 19. Re3 Bd7 20. Bd6
Rad8 21. c4 Be6 22. c5 Kf6 23. Rde1 Bd7 24. Re7 Rge8 25. Rxe8 Rxe8 26. Rxe8
Bxe8 27. f4 Bd7 28. a4 Ne7 29. Be2 Ng8 30. Kd2 Nh6 31. h3 Nf7 32. Bb8 a6 33. b4
Nd8 34. Be5+ Kg6 35. Kc3 Ne6 36. Bd3 Ng7 37. Bxg7 Kxg7 38. Kd4 Kf6 39. Be2 Bc8
40. b5 a5 41. bxc6 bxc6 42. Bd3 h6 43. Be2 Bd7 44. Ba6 Be6 45. Bb7 Bd7 46. g4
Be8 47. Bc8 fxg4 48. hxg4 Ke7 49. Bf5 Kf6 50. Bc8 Ke7 51. Bf5 Kf6 52. Bd3 Bd7
53. Be2 Bc8 54. Ke3 Be6 55. Kf3 Bf7 56. Bd3 Be6 57. Be2 Bf7  1/2-1/2

[Event "2023 WA Open"]
[Site "Perth AUS"]
[Date "2023.06.25"]
[Round "6.11"]
[White "Sheridan,Wallace"]
[Black "Gunawan,Tjermin"]
[Result "0-1"]
[BlackElo "1910"]
[BlackFideId "3239110"]
[EventDate "2023.05.21"]
[PlyCount "0"]
[WhiteElo "1691"]
[WhiteFideId "3206769"]

1. d4 Nf6 2. Nf3 d5 3. e3 c5 4. c3 e6 5. Nbd2 Nc6 6. Bd3 Bd6 7. O-O O-O 8. dxc5
Bxc5 9. e4 dxe4 10. Nxe4 Nxe4 11. Bxe4 Qxd1 12. Rxd1 h6 13. Bf4 Bb6 14. b4 g5
15. Bd6 Re8 16. a4 a5 17. b5 Ne7 18. c4 Nf5 19. Ba3 Bd8 20. c5 Be7 21. c6 Rb8
22. Bxe7 Nxe7 23. c7 Ra8 24. Rd8 Kf8 25. Rad1 f5 26. Rxe8+ Kxe8 27. Rd8+ Kf7
28. Ne5+ Kf6 29. Nd7+ Bxd7 30. Rxa8 fxe4 31. Rxa5 b6 32. Ra8 Nc8 33. Kf1 Ke5
34. Ke2 Kd4 35. Kd2 e5 36. g3 g4 37. Rb8 Kc5 38. Ke3 Bf5 39. Rxc8 Bxc8 40. Kxe4
Kb4 41. Kxe5 Kxa4 42. Kf6 Kxb5 43. Kg6 Kc6 44. Kxh6 b5  0-1